[Event "Ålesund Grand Prix 2017"]
[Site "Clarion Hotel Bryggen, Ålesund"]
[Date "2017.03.31"]
[Round "6"]
[White "Merkesvik, Sondre"]
[Black "Jacobsen, Fredrik Beer"]
[Result "1-0"]
[WhiteElo "2186"]
[BlackElo "2046"]

1. g3 {[%clk 1:30:27]} g6 {[%clk 1:30:21]} 2. c4 {[%clk 1:29:49]} c5
{[%clk 1:30:25]} 3. Bg2 {[%clk 1:30:12]} Bg7 {[%clk 1:30:19]} 4. Nc3
{[%clk 1:30:32]} Nc6 {[%clk 1:29:47]} 5. e3 {[%clk 1:29:58]} e6 {[%clk 1:26:32]}
6. Nge2 {[%clk 1:30:12]} Nge7 {[%clk 1:25:39]} 7. d4 {[%clk 1:26:29]} cxd4
{[%clk 1:18:53]} 8. Nxd4 {[%clk 1:21:02]} Nxd4 {[%clk 1:15:13]} 9. exd4
{[%clk 1:21:30]} d5 {[%clk 1:10:43]} 10. cxd5 {[%clk 1:20:11]} exd5
{[%clk 1:10:05]} 11. O-O {[%clk 1:18:55]} O-O {[%clk 1:09:35]} 12. Bg5
{[%clk 1:18:37]} f6 {[%clk 0:58:54]} 13. Bf4 {[%clk 1:16:52]} g5 {[%clk 0:57:21]}
14. Be3 {[%clk 1:16:38]} b6 {[%clk 0:55:26]} 15. Qb3 {[%clk 1:11:03]} Bb7
{[%clk 0:53:52]} 16. Rfe1 {[%clk 1:05:56]} Kh8 {[%clk 0:52:19]} 17. Rac1
{[%clk 1:05:53]} Qd7 {[%clk 0:46:40]} 18. Qb5 {[%clk 1:03:54]} Bc6
{[%clk 0:46:11]} 19. Qd3 {[%clk 1:03:31]} h6 {[%clk 0:43:55]} 20. f4
{[%clk 1:03:02]} g4 {[%clk 0:38:49]} 21. Bf2 {[%clk 0:59:23]} f5 {[%clk 0:31:47]}
22. Nd1 {[%clk 0:57:05]} Bb5 {[%clk 0:30:41]} 23. Rxe7 {[%clk 0:56:45]} Qxe7
{[%clk 0:25:43]} 24. Qxb5 {[%clk 0:57:12]} Rac8 {[%clk 0:25:08]} 25. Nc3
{[%clk 0:56:51]} Rfd8 {[%clk 0:24:37]} 26. Re1 {[%clk 0:56:08]} Qd7
{[%clk 0:23:08]} 27. Qxd7 {[%clk 0:56:31]} Rxd7 {[%clk 0:23:31]} 28. Bxd5
{[%clk 0:56:58]} Rcd8 {[%clk 0:20:13]} 29. Be6 {[%clk 0:55:01]} 1-0

[Event "Ålesund Grand Prix 2017"]
[Site "Clarion Hotel Bryggen, Ålesund"]
[Date "2017.03.31"]
[Round "6"]
[White "Nyland, Thomas"]
[Black "Kvisla, Johannes Luangtep"]
[Result "1/2-1/2"]
[WhiteElo "2041"]
[BlackElo "2272"]

1. e4 {[%clk 1:30:53]} e5 {[%clk 1:28:41]} 2. Nf3 {[%clk 1:31:17]} Nc6
{[%clk 1:29:08]} 3. d4 {[%clk 1:31:20]} exd4 {[%clk 1:29:30]} 4. Nxd4
{[%clk 1:31:46]} Nf6 {[%clk 1:29:51]} 5. Nxc6 {[%clk 1:32:11]} bxc6
{[%clk 1:30:15]} 6. Bd3 {[%clk 1:32:34]} Bc5 {[%clk 1:28:56]} 7. O-O
{[%clk 1:32:29]} d6 {[%clk 1:29:13]} 8. Nd2 {[%clk 1:28:54]} Bg4 {[%clk 1:29:23]}
9. Be2 {[%clk 1:28:40]} Be6 {[%clk 1:29:05]} 10. Nb3 {[%clk 1:25:31]} Bb6
{[%clk 1:28:19]} 11. Bf3 {[%clk 1:23:52]} Nd7 {[%clk 1:26:59]} 12. Nd4
{[%clk 1:23:23]} Bxd4 {[%clk 1:27:10]} 13. Qxd4 {[%clk 1:23:48]} Ne5
{[%clk 1:27:29]} 14. Be2 {[%clk 1:21:50]} Qh4 {[%clk 1:26:08]} 15. f4
{[%clk 1:19:27]} Ng4 {[%clk 1:25:13]} 16. Bxg4 {[%clk 1:16:40]} Qxg4
{[%clk 1:25:30]} 17. Be3 {[%clk 1:14:26]} c5 {[%clk 1:25:28]} 18. Qd1
{[%clk 1:12:39]} Qxd1 {[%clk 1:25:06]} 19. Rfxd1 {[%clk 1:12:29]} a5
{[%clk 1:24:21]} 20. e5 {[%clk 1:09:57]} Ke7 {[%clk 1:24:31]} 21. Rd2
{[%clk 1:07:59]} Rhb8 {[%clk 1:24:39]} 22. b3 {[%clk 1:06:01]} Ra6
{[%clk 1:22:49]} 23. h3 {[%clk 1:06:05]} h5 {[%clk 1:23:03]} 24. Rad1
{[%clk 1:06:05]} a4 {[%clk 1:21:59]} 25. exd6+ {[%clk 1:05:32]} cxd6
{[%clk 1:22:18]} 26. Kf2 {[%clk 0:57:40]} axb3 {[%clk 1:20:08]} 27. axb3
{[%clk 0:57:31]} Rc8 {[%clk 1:20:23]} 28. Kf3 {[%clk 0:53:12]} f6
{[%clk 1:18:18]} 29. g4 {[%clk 0:52:19]} d5 {[%clk 1:16:12]} 30. f5
{[%clk 0:52:07]} Bf7 {[%clk 1:16:32]} 31. Bf4 {[%clk 0:51:31]} d4
{[%clk 1:14:53]} 32. Re1+ {[%clk 0:49:18]} Kd7 {[%clk 1:12:49]} 33. Rde2
{[%clk 0:46:22]} Re8 {[%clk 1:13:08]} 34. Rxe8 {[%clk 0:46:02]} Bxe8
{[%clk 1:13:35]} 35. g5 {[%clk 0:40:29]} g6 {[%clk 1:12:57]} 36. gxf6
{[%clk 0:38:12]} Rxf6 {[%clk 1:13:22]} 37. Re5 {[%clk 0:34:47]} Rxf5
{[%clk 1:11:38]} 38. Rxf5 {[%clk 0:35:13]} gxf5 {[%clk 1:12:04]} 39. Bh6
{[%clk 0:30:56]} Kc6 {[%clk 1:11:50]} 40. Kf4 {[%clk 0:29:44]} Bd7
{[%clk 1:11:12]} 41. h4 {[%clk 0:29:34]} Kd5 {[%clk 1:11:27]} 42. Bf8
{[%clk 0:29:32]} c4 {[%clk 1:10:09]} 43. bxc4+ {[%clk 0:29:49]} Kxc4
{[%clk 1:10:38]} 44. Kg5 {[%clk 0:28:28]} Ba4 {[%clk 1:10:36]} 45. Kxh5
{[%clk 0:27:54]} Bxc2 {[%clk 1:09:53]} 46. Bh6 {[%clk 0:27:52]} Kd3
{[%clk 1:09:55]} 47. Bf4 {[%clk 0:26:37]} Ke4 {[%clk 1:10:03]} 48. Kg5
{[%clk 0:26:44]} Bd1 {[%clk 1:08:28]} 49. Bc1 {[%clk 0:26:19]} d3
{[%clk 1:05:42]} 50. h5 {[%clk 0:25:49]} Bxh5 {[%clk 1:05:48]} 51. Kxh5
{[%clk 0:26:15]} d2 {[%clk 1:05:49]} 52. Bxd2 {[%clk 0:26:39]} f4
{[%clk 1:06:16]} 53. Bxf4 {[%clk 0:27:05]} 1/2-1/2

[Event "Ålesund Grand Prix 2017"]
[Site "Clarion Hotel Bryggen, Ålesund"]
[Date "2017.03.31"]
[Round "6"]
[White "Kyrkjebø, Erlend"]
[Black "Fard, Adel Gharebagi"]
[Result "1-0"]
[WhiteElo "2091"]
[BlackElo "1562"]

1. e4 {[%clk 1:30:28]} e6 {[%clk 1:30:35]} 2. d4 {[%clk 1:30:37]} d5
{[%clk 1:30:51]} 3. Nd2 {[%clk 1:31:00]} dxe4 {[%clk 1:29:47]} 4. Nxe4
{[%clk 1:31:23]} Nc6 {[%clk 1:29:09]} 5. Nf3 {[%clk 1:31:24]} Be7
{[%clk 1:29:21]} 6. c3 {[%clk 1:30:30]} Nf6 {[%clk 1:28:53]} 7. Ng3
{[%clk 1:26:53]} O-O {[%clk 1:28:16]} 8. Bd3 {[%clk 1:26:15]} b6 {[%clk 1:28:17]}
9. O-O {[%clk 1:18:45]} Bb7 {[%clk 1:28:00]} 10. Qe2 {[%clk 1:17:55]} a5
{[%clk 1:28:06]} 11. a4 {[%clk 1:11:13]} Nb8 {[%clk 1:26:32]} 12. Bg5
{[%clk 1:10:08]} Ba6 {[%clk 1:26:33]} 13. c4 {[%clk 1:07:35]} Nbd7
{[%clk 1:24:50]} 14. Rfe1 {[%clk 1:03:15]} Re8 {[%clk 1:24:36]} 15. Qc2
{[%clk 0:53:52]} h6 {[%clk 1:21:43]} 16. Bf4 {[%clk 0:53:14]} Bb4
{[%clk 1:21:25]} 17. Red1 {[%clk 0:52:20]} Bb7 {[%clk 1:20:38]} 18. Qe2
{[%clk 0:48:49]} c5 {[%clk 1:17:30]} 19. Bd6 {[%clk 0:43:17]} Bxf3
{[%clk 1:15:43]} 20. Qxf3 {[%clk 0:42:24]} cxd4 {[%clk 1:15:41]} 21. Bxb4
{[%clk 0:38:25]} axb4 {[%clk 1:15:06]} 22. Qc6 {[%clk 0:30:58]} Nc5
{[%clk 1:14:01]} 23. Qb5 {[%clk 0:29:00]} Nb3 {[%clk 1:11:40]} 24. Rab1
{[%clk 0:26:00]} Qd6 {[%clk 1:09:40]} 25. Bc2 {[%clk 0:24:07]} Nc5
{[%clk 1:02:28]} 26. Qxb4 {[%clk 0:23:19]} Red8 {[%clk 1:02:29]} 27. Ra1
{[%clk 0:18:22]} h5 {[%clk 0:56:23]} 28. Ra3 {[%clk 0:16:30]} h4 {[%clk 0:55:51]}
29. Nf1 {[%clk 0:15:32]} e5 {[%clk 0:55:04]} 30. f3 {[%clk 0:12:11]} h3
{[%clk 0:48:55]} 31. Qd2 {[%clk 0:09:51]} Ra7 {[%clk 0:42:48]} 32. Ng3
{[%clk 0:09:25]} g6 {[%clk 0:37:31]} 33. gxh3 {[%clk 0:07:31]} Rad7
{[%clk 0:37:10]} 34. b4 {[%clk 0:04:56]} Ne6 {[%clk 0:36:12]} 35. a5
{[%clk 0:04:56]} bxa5 {[%clk 0:36:27]} 36. Rxa5 {[%clk 0:04:40]} Nf4
{[%clk 0:36:32]} 37. c5 {[%clk 0:04:39]} Nxh3+ {[%clk 0:36:17]} 38. Kh1
{[%clk 0:04:03]} Qd5 {[%clk 0:33:31]} 39. Ne4 {[%clk 0:04:24]} Nh5
{[%clk 0:31:39]} 40. b5 {[%clk 0:03:09]} d3 {[%clk 0:30:22]} 41. Bb1
{[%clk 0:02:41]} Kg7 {[%clk 0:30:34]} 42. c6 {[%clk 0:02:14]} f5 {[%clk 0:30:31]}
43. Ba2 {[%clk 0:01:17]} Qd4 {[%clk 0:30:45]} 44. Ng5 {[%clk 0:00:53]} Nf2+
{[%clk 0:29:54]} 45. Kg2 {[%clk 0:01:20]} Nf4+ {[%clk 0:29:23]} 46. Qxf4
{[%clk 0:01:44]} exf4 {[%clk 0:28:57]} 47. Ne6+ {[%clk 0:02:04]} Kf6
{[%clk 0:29:26]} 48. Nxd4 {[%clk 0:02:23]} Nxd1 {[%clk 0:29:32]} 49. cxd7
{[%clk 0:01:21]} Ne3+ {[%clk 0:29:55]} 50. Kf2 {[%clk 0:01:20]} d2
{[%clk 0:30:00]} 51. Bb3 {[%clk 0:00:53]} Rxd7 {[%clk 0:30:05]} 52. Ra6+
{[%clk 0:00:57]} Ke7 {[%clk 0:24:33]} 53. Nc6+ {[%clk 0:01:05]} Kf8
{[%clk 0:23:39]} 54. Ra8+ {[%clk 0:00:55]} Kg7 {[%clk 0:23:21]} 55. Ra7
{[%clk 0:00:33]} Rxa7 {[%clk 0:23:23]} 56. Nxa7 {[%clk 0:00:57]} 1-0

[Event "Ålesund Grand Prix 2017"]
[Site "Clarion Hotel Bryggen, Ålesund"]
[Date "2017.03.31"]
[Round "6"]
[White "Kvamme, John A"]
[Black "Monsøy, Arild Edin"]
[Result "1-0"]
[WhiteElo "2141"]
[BlackElo "1779"]

1. Nf3 {[%clk 1:30:54]} d5 {[%clk 1:30:31]} 2. g3 {[%clk 1:31:20]} Nf6
{[%clk 1:30:38]} 3. Bg2 {[%clk 1:31:43]} e6 {[%clk 1:30:35]} 4. O-O
{[%clk 1:31:56]} Be7 {[%clk 1:30:51]} 5. d3 {[%clk 1:32:07]} O-O {[%clk 1:30:47]}
6. Nbd2 {[%clk 1:32:26]} b6 {[%clk 1:25:46]} 7. e4 {[%clk 1:32:42]} Bb7
{[%clk 1:25:21]} 8. e5 {[%clk 1:32:52]} Nfd7 {[%clk 1:25:25]} 9. Re1
{[%clk 1:33:04]} c5 {[%clk 1:25:19]} 10. Nf1 {[%clk 1:33:21]} Nc6
{[%clk 1:21:54]} 11. h4 {[%clk 1:33:36]} Re8 {[%clk 1:17:20]} 12. N1h2
{[%clk 1:33:19]} d4 {[%clk 1:04:55]} 13. Bf4 {[%clk 1:30:45]} Nf8
{[%clk 1:03:52]} 14. h5 {[%clk 1:30:34]} Nb4 {[%clk 0:59:28]} 15. h6
{[%clk 1:27:56]} g6 {[%clk 0:58:26]} 16. Qd2 {[%clk 1:27:26]} Nd5
{[%clk 0:56:00]} 17. Bg5 {[%clk 1:26:58]} Nd7 {[%clk 0:46:06]} 18. Ng4
{[%clk 1:25:45]} Rb8 {[%clk 0:44:23]} 19. c4 {[%clk 1:23:57]} dxc3
{[%clk 0:42:41]} 20. bxc3 {[%clk 1:24:20]} f5 {[%clk 0:19:42]} 21. exf6
{[%clk 1:23:35]} N5xf6 {[%clk 0:19:07]} 22. Qe2 {[%clk 1:09:12]} Nf8
{[%clk 0:15:13]} 23. Qe5 {[%clk 0:58:09]} Nh5 {[%clk 0:13:22]} 24. Bxe7
{[%clk 0:55:02]} Qxe7 {[%clk 0:12:43]} 25. Ng5 {[%clk 0:41:20]} Bxg2
{[%clk 0:12:22]} 26. Kxg2 {[%clk 0:41:28]} Nd7 {[%clk 0:10:47]} 27. Qxe6+
{[%clk 0:39:58]} Qxe6 {[%clk 0:11:06]} 28. Nxe6 {[%clk 0:40:11]} Nhf6
{[%clk 0:09:23]} 29. Kf3 {[%clk 0:28:18]} Nxg4 {[%clk 0:04:14]} 30. Kxg4
{[%clk 0:28:27]} Nf6+ {[%clk 0:04:32]} 31. Kg5 {[%clk 0:26:33]} Nd5
{[%clk 0:04:20]} 32. c4 {[%clk 0:21:53]} Nb4 {[%clk 0:04:21]} 33. Rad1
{[%clk 0:22:06]} Kf7 {[%clk 0:04:14]} 34. Nf4 {[%clk 0:20:42]} Nxa2
{[%clk 0:03:24]} 35. Rxe8 {[%clk 0:20:41]} Rxe8 {[%clk 0:02:44]} 36. Ra1
{[%clk 0:21:02]} Nb4 {[%clk 0:02:20]} 37. Rxa7+ {[%clk 0:21:24]} Re7
{[%clk 0:02:35]} 38. Rxe7+ {[%clk 0:20:22]} Kxe7 {[%clk 0:03:02]} 39. Nxg6+
{[%clk 0:20:11]} Kf7 {[%clk 0:02:09]} 40. Nf4 1-0